|
|
|
|
| LEADER |
02360nam a2200481 i 4500 |
| 001 |
EBC4793608 |
| 003 |
MiAaPQ |
| 005 |
20200520144314.0 |
| 006 |
m o d | |
| 007 |
cr cnu|||||||| |
| 008 |
170214t19911991gw a ob 001 0 ger d |
| 020 |
|
|
|z 9783598108617
|
| 020 |
|
|
|a 9783110950397 (e-book)
|
| 035 |
|
|
|a (MiAaPQ)EBC4793608
|
| 035 |
|
|
|a (Au-PeEL)EBL4793608
|
| 035 |
|
|
|a (CaPaEBR)ebr11338910
|
| 035 |
|
|
|a (CaONFJC)MIL938938
|
| 035 |
|
|
|a (OCoLC)972289302
|
| 040 |
|
|
|a MiAaPQ
|b eng
|e rda
|e pn
|c MiAaPQ
|d MiAaPQ
|
| 050 |
|
4 |
|a DD256.5
|b .R453 1991
|
| 082 |
0 |
|
|a 943.086
|2 23
|
| 245 |
0 |
0 |
|a Reichszentralbehorden, regionale Behorden und wissenschaftliche Hochschulen fur die zehn westdeutschen Lander sowie Berlin /
|c Im Auftrag des Instituts fur Zeitgeschichte bearbeitet von Heinz Boberach ; With the participation of Dietrich Gessner, Kurt Metschies and Gustav-Hermann Seebold as well as members of the archives.
|
| 264 |
|
1 |
|a Munchen, [Germany] :
|b K.G. Saur,
|c 1991.
|
| 264 |
|
4 |
|c 1991
|
| 300 |
|
|
|a 1 online resource (756 pages) :
|b illustrations.
|
| 336 |
|
|
|a text
|2 rdacontent
|
| 337 |
|
|
|a computer
|2 rdamedia
|
| 338 |
|
|
|a online resource
|2 rdacarrier
|
| 490 |
1 |
|
|a Texte und Materialien zur Zeitgeschichte ;
|v Band 3/1
|
| 504 |
|
|
|a Includes bibliographical references and index.
|
| 588 |
|
|
|a Description based on online resource; title from PDF title page (ebrary, viewed February 14, 2017).
|
| 590 |
|
|
|a Electronic reproduction. Ann Arbor, MI : ProQuest, 2016. Available via World Wide Web. Access may be limited to ProQuest affiliated libraries.
|
| 650 |
|
0 |
|a National socialism.
|
| 650 |
|
0 |
|a History
|v Sources.
|
| 655 |
|
4 |
|a Electronic books.
|
| 700 |
1 |
|
|a Boberach, Heinz,
|e editor.
|
| 700 |
1 |
|
|a Gessner, Dietrich,
|e contributor.
|
| 700 |
1 |
|
|a Metschie, Kurt,
|e contributor.
|
| 700 |
1 |
|
|a Seebold, Gustav-Hermann,
|e contributor.
|
| 776 |
0 |
8 |
|i Print version:
|t Reichszentralbehorden, regionale Behorden und wissenschaftliche Hochschulen fur die zehn westdeutschen Lander sowie Berlin.
|d Munchen, [Germany] : K.G. Saur, c1991
|h xxxv, 717 pages
|k Texte und Materialien zur Zeitgeschichte ; Band 3/1.
|z 9783598108617
|
| 797 |
2 |
|
|a ProQuest (Firm)
|
| 830 |
|
0 |
|a Texte und Materialien zur Zeitgeschichte ;
|v Band 3/1.
|
| 856 |
4 |
0 |
|u https://ebookcentral.proquest.com/lib/matrademy/detail.action?docID=4793608
|z Click to View
|